000 01289nam a22002417a 4500
005 20220409093908.0
008 220409b ||||| |||| 00| 0 eng d
020 _a978-8129136749
040 _cAloy
041 _aeng
082 _223
_a929
_bLALS
100 _aAnupa Lal
_928817
245 _aSri Ramana Maharshi:
_bSage of the People
260 _aNew Delhi
_bRupa & Co
_c2002
300 _a71 p.
_bHB
_c16x13 cm.
365 _2Biography
_b95.00
_c
_d95.00
440 _aCharitavali Series
_928806
520 _aA series of biographies dedicated to the legends of India. "Charitavali is a series of biographies dedicated to the legendary figures of India. The series presents the lives of great kings, freedom fighters, political thinkers, social reformers, pioneers of industry, scientists, philosophers, artists, musicians, dancers, film stars, writers and sports people. The biographies have been written for the reader who is curious about the lives and achievements of these legends. Full of fascinating anecdotes and facts, written in an easy storytelling style, the biographies will make these great Indians and their times come alive for the reader."
650 _aBiography
_928807
650 _aSages Life
_928808
700 _aLAL (Anupa)
_928809
942 _2ddc
_cGF
999 _c222310
_d222310